000 00710nas a2200217 4500
001 BR0705035
003 BR-BrBNA
005 20231205111131.0
007 ta
008 230509b bl.|||p| |||| 00| 00por d
040 _aBR-BrBNA
_bpor
_cBiblioteca Nacional de Agricultura
041 _a(Pt)
072 _aL70
100 1 _aFaraco, C.B.
100 1 _aSeminotti, N.
245 1 _aA crueldade com animais: como identificar seus sinais? O médico veterinário e a prevenção da violência doméstica
650 _aMEDICINA VETERINARIA
773 0 _tRevista CFMV (Brazil)
_xISSN 1517-6959
_g(Jan-Apr 2006), v. 12(37) p. 66-71
_wBR0705035
909 _a202311
_bLúcia
_c55
_dLúcia Elande
942 _2AGRIS
_n0
_cANA
999 _c190873
_d190873